Vocabulaire du Capitaine Haddock - Statistiques

Statistiques générales
  • Ce quiz a été pris 57 fois
    21 depuis la dernière actualisation
  • Le résultat moyen est 3 sur 10
Statistiques - réponses
Indice Réponse % Correct
Homme ne sachant naviguer qu'en dehors des mers et océans Marin d'eau douce
72%
Pirate de la mer des Antilles aux XVIIe et XVIIIe S Flibustier
50%
Primate au pelage allant du beige au noir, ayant une face rouge ou rose et vivant en Asie du Sud-Est et au Nord-Ouest de l'Afrique Macaque
44%
Personne qui vit dans la misère; n'ayant rien pour se chausser Va-nu-pieds
39%
Terme d'architecture navale désignant une ouverture dans le flanc d'un navire où passent les fûts de canons. Dans l'expression de Haddock, il y en a une somme considérable Sabords
28%
Dinosaure herbivore de 22 mètres de long et pesant 15 tonnes Brontosaure
22%
Terme désignant un mendiant et commençant par la lettre G Gredin
17%
Personne allant contre l'idée commune; terme utilisé au Moyen Age pour évoquer les opposant à la religion dominante Hérétique
17%
Il y en a un au pont de l'Alma Zouave
17%
Membre d'une confédération à dominante germanique dont Théodoric le Grand était l'un des plus célèbres rois Ostrogoth
11%
Aucun quiz correspondant
Distribution des résultats
% des personnes avec chaque résultat
Percentile par nombre de réponses
Votre historique - résultats
Vous n’avez pas pris ce quiz depuis la dernière actualisation